Cyclisme: Top 100 du Classement UCI de l'année 2024 - Statistiques

Statistiques générales
  • Ce quiz a été pris 947 fois
  • Le résultat moyen est 41 sur 100
Statistiques - réponses
Rang Équipe Coureur % Correct
1er UAE Team Emirates Tadej Pogacar
100%
5ème Alpecin - Deceuninck Mathieu van der Poel
96%
2ème Soudal Quick-Step Remco Evenepoel
95%
3ème Alpecin - Deceuninck Jasper Philipsen
92%
7ème Team Visma | Lease a Bike Jonas Vingegaard
92%
8ème Red Bull - BORA - Hansgrohe Primoz Roglic
92%
10ème Team Visma | Lease a Bike Wout van Aert
89%
22ème UAE Team Emirates Adam Yates
88%
88ème Team Jayco AlUla Simon Yates
88%
4ème Décathlon AG2R La Mondiale Team Ben O'Connor
87%
9ème Intermarché - Wanty Biniam Girmay
84%
12ème Lidl - Trek Mads Pedersen
82%
32ème Team DSM - Firmenich PostNL Romain Bardet
82%
26ème UAE Team Emirates João Almeida
80%
11ème Movistar Team Enric Mas
78%
52ème Groupama-FDJ David Gaudu
77%
15ème Lotto Dstny Arnaud De Lie
76%
25ème UAE Team Emirates Juan Ayuso
74%
13ème Team Visma | Lease a Bike Matteo Jorgenson
71%
37ème Soudal Quick-Step Julian Alaphilippe
69%
62ème Groupama-FDJ Lenny Martinez
69%
19ème EF Education - EasyPost Richard Carapaz
69%
34ème Red Bull - BORA - Hansgrohe Daniel Felipe Martinez
68%
16ème Soudal Quick-Step Tim Merlier
64%
20ème INEOS Grenadiers Carlos Rodriguez
61%
59ème INEOS Grenadiers Geraint Thomas
58%
6ème UAE Team Emirates Marc Hirschi
58%
61ème Lidl - Trek Giulio Ciccone
57%
17ème Lidl - Trek Jonathan Milan
57%
24ème Soudal Quick-Step Mikel Landa
56%
42ème Groupama-FDJ Valentin Madouas
55%
30ème INEOS Grenadiers Thomas Pidcock
54%
45ème Team Visma | Lease a Bike Christophe Laporte
53%
29ème Groupama-FDJ Stefan Küng
53%
79ème Arkéa - B&B Hotels Kévin Vauquelin
50%
27ème Red Bull - BORA - Hansgrohe Aleksandr Vlasov
49%
63ème INEOS Grenadiers Egan Bernal
48%
14ème Lotto Dstny Maxim Van Gils
47%
54ème Groupama-FDJ Romain Grégoire
45%
67ème INEOS Grenadiers Filippo Ganna
44%
78ème UAE Team Emirates Pavel Sivakov
44%
58ème UAE Team Emirates Isaac Del Toro
42%
18ème Lidl - Trek Mattias Skjelmose Jensen
42%
93ème EF Education - EasyPost Ben Healy
41%
41ème UAE Team Emirates Tim Wellens
38%
73ème Bahrain Victorious Matej Mohoric
37%
50ème UNO-X Mobility Alexander Kristoff
36%
31ème Team Jayco AlUla Michael Matthews
36%
40ème Décathlon AG2R La Mondiale Team Benoît Cosnefroy
35%
69ème Israel - PremierTech Derek Gee
35%
44ème UAE Team Emirates Nils Politt
35%
47ème Bahrain Victorious Pello Bilbao
35%
21ème UAE Team Emirates Brandon McNulty
34%
92ème UAE Team Emirates Marc Soler
34%
77ème UNO-X Mobility Jonas Abrahamsen
33%
33ème Team Visma | Lease a Bike Olav Kooij
32%
70ème EF Education - EasyPost Neilson Powless
31%
51ème Team Jayco AlUla Dylan Groenewegen
30%
64ème UNO-X Mobility Magnus Cort Nielsen
30%
65ème Team Visma | Lease a Bike Tiesj Benoot
30%
35ème Lotto Dstny Lennert Van Eetvelt
29%
75ème Bahrain Victorious Santiago Buitrago
29%
23ème INEOS Grenadiers Jhonatan Narvaez
28%
56ème Red Bull - BORA - Hansgrohe Florian Lipowitz
27%
80ème Décathlon AG2R La Mondiale Team Paul Lapeira
25%
57ème Red Bull - BORA - Hansgrohe Jordi Meeus
24%
36ème Alpecin - Deceuninck Kaden Groves
24%
81ème Tudor Pro Cycling Team Matteo Trentin
24%
90ème Soudal Quick-Step Ilan Van Wilder
23%
72ème INEOS Grenadiers Thymen Arensman
23%
53ème Team DSM - Firmenich PostNL Oscar Onley
22%
38ème Bahrain Victorious Antonio Tiberi
20%
74ème Cofidis Ion Izagirre
20%
60ème Groupama-FDJ Laurence Pithie
20%
55ème Cofidis Axel Zingle
19%
94ème Tudor Pro Cycling Team Michael Storer
19%
46ème Israel - PremierTech Stephen Williams
19%
43ème Astana Qazaqstan Team Alberto Bettiol
17%
48ème Movistar Team Alex Aranburu
16%
95ème Team Visma | Lease a Bike Jan Tratnik
15%
28ème Lidl - Trek Toms Skujins
15%
76ème Team DSM - Firmenich PostNL Max Poole
14%
100ème Israel - PremierTech Pascal Ackermann
14%
66ème Arkea - B&B Hotels Luca Mozzato
13%
49ème UAE Team Emirates Diego Ulissi
11%
39ème Israel - PremierTech Corbin Strong
10%
87ème INEOS Grenadiers Magnus Sheffield
10%
86ème UNO-X Mobility Soren Waerenskjold
10%
83ème TotalEnergies Emilien Jeannière
9%
84ème Soudal Quick-Step Mauri Vansevenant
8%
97ème Caja Rural - Seguros RGA Alberto Orluis Aular
7%
96ème Décathlon AG2R La Mondiale Team Alex Baudin
6%
68ème Lidl - Trek Mathias Vacek
6%
89ème Intermarché - Wanty Gerben Thijssen
5%
85ème Team Visma | Lease a Bike Attila Valter
4%
91ème Israel - PremierTech Joseph Blackmore
4%
71ème Red Bull - BORA - Hansgrohe Roger Adria
4%
98ème Lotto Dstny Alec Segaert
3%
82ème Team DSM - Firmenich PostNL Kévin Vermaerke
3%
99ème Arkéa - B&B Hotels Vincenzo Albanese
3%
Aucun quiz correspondant
Distribution des résultats
% des personnes avec chaque résultat
Percentile par nombre de réponses
Votre historique - résultats
Vous n’avez pas pris ce quiz